000 00509nam a22001817a 4500
005 20251108165518.0
008 250721s1967 xx 000 0 ara d
082 1 4 _aم/413/جبر
100 1 _aمسعود، جبران
245 1 0 _aالرائد :
_bمعجم لغوي عصري /
250 _aط2
264 1 _aبيروت :
_bدار العلم للملايين،
_c1967.
300 _a1637ص
650 1 7 _aاللغة العربية
650 1 7 _aالقواميس
942 _2ddc
_cREF
999 _c29671
_d29671